[Event "FRA-chT2 North 0809"]
[Site "France"]
[Date "2009.04.05"]
[Round "11.7"]
[White "Pytel, Bozena"]
[Black "Lalonde, Tiphaine"]
[Result "1-0"]
[WhiteElo "1959"]
[BlackElo "1510"]
[PlyCount "48"]
[EventDate "2008.10.19"]
[EventType "team-tourn"]
[EventRounds "11"]
[EventCountry "FRA"]
[SourceTitle "EXT 2010"]
[Source "ChessBase"]
[SourceDate "2010.11.25"]
[SourceVersion "1"]
[SourceVersionDate "2010.11.25"]
[SourceQuality "1"]
[WhiteTeam "Livry Gargan"]
[BlackTeam "Chess XV"]
[WhiteTeamCountry "FRA"]
[BlackTeamCountry "FRA"]

1. Nf3 Nc6 2. d4 d5 3. Bf4 Nf6 4. e3 Bg4 5. h3 Bh5 6. c4 dxc4 7. Bxc4 e6 8. Nc3 Bb4 9. a3 Ba5 10. b4 Bb6 11. Bb5 a6 12. Bxc6+ bxc6 13. Qa4 Bxf3 14. gxf3 Qd7 15. Rc1 a5 16. Rg1 Nh5 17. Be5 f6 18. Bg3 0-0 19. Qc2 Nxg3 20. Rxg3 e5 21. dxe5 fxe5 22. Ne4 axb4 23. axb4 Qe7 24. Ng5 Qxb4+ 1-0

[Event "FRA-chT2 North 0809"]
[Site "France"]
[Date "2009.03.14"]
[Round "8.8"]
[White "Rodange, Barbara"]
[Black "Lalonde, Tiphaine"]
[Result "0-1"]
[WhiteElo "1712"]
[BlackElo "1510"]
[PlyCount "56"]
[EventDate "2008.10.19"]
[EventType "team-tourn"]
[EventRounds "11"]
[EventCountry "FRA"]
[SourceTitle "EXT 2010"]
[Source "ChessBase"]
[SourceDate "2010.11.25"]
[SourceVersion "1"]
[SourceVersionDate "2010.11.25"]
[SourceQuality "1"]
[WhiteTeam "Gonfreville II"]
[BlackTeam "Chess XV"]
[WhiteTeamCountry "FRA"]
[BlackTeamCountry "FRA"]

1. c4 e6 2. Nc3 d5 3. cxd5 exd5 4. Nf3 d4 5. Ne4 f5 6. Ng3 Nf6 7. Qa4+ Nc6 8. e3 dxe3 9. dxe3 Bd7 10. Bb5 Bd6 11. Qd1 0-0 12. Bxc6 Bxc6 13. Nxf5 Bxf3 14. Qxf3 Bb4+ 15. Ke2 Qd7 16. Nd4 c5 17. a3 cxd4 18. axb4 Qb5+ 19. Kd1 dxe3 20. Bxe3 Rfd8+ 21. Kc1 Rac8+ 22. Kb1 Qd3+ 23. Ka2 Qc4+ 24. Kb1 Nd5 25. Rd1 Qc2+ 26. Ka2 Nxb4+ 27. Ka3 Nd3 28. Rab1 Rc6 0-1